000
00392nam a2200133Ia 4500
008
100328s9999 xx 000 0 und d
082
_b
58050
100
_a
भोगले प्रभाकर
245
_a
मालवणी खाजा
260
_b
वसंतश्री
630
_a
मालवणी खाजा
730
_a
मालवणी खाजा
942
_c
BOOK
999
_c
544425
_d
544422